000 00330nam a2200145Ia 4500
100 _aMellor/Stephe J
942 _cBK
654 _auml
245 _aExecutable UML: A foundation for Model driven architecture
260 _bPearson Education
_c2002
082 _a5.45
_bMEL
300 _a368
546 _aENGLISH
999 _c32105
_d32105